[Event "DEN-ch U14 rapid"]
[Site "Odense"]
[Date "2020.11.20"]
[Round "1"]
[White "Skow, Mathias Waldemar Be"]
[Black "Iskos, Lukas"]
[Result "0-1"]
[WhiteElo "1275"]
[BlackElo "1746"]
[PlyCount "80"]
[EventDate "2020.11.20"]
[EventType "swiss"]
[EventRounds "5"]
[EventCountry "DEN"]
[SourceTitle "EXT 2024"]
[Source "ChessBase"]
[SourceDate "2023.10.10"]
[SourceVersion "1"]
[SourceVersionDate "2023.10.10"]
[SourceQuality "1"]

1. d4 Nf6 2. c4 e6 3. Nc3 d5 4. cxd5 exd5 5. Bg5 Bb4 6. e3 Bf5 7. Qf3 Be4 8. Bxf6 gxf6 9. Qd1 Nd7 10. Qb3 c5 11. a3 Qa5 12. Rc1 Bxc3+ 13. Qxc3 Qxc3+ 14. Rxc3 c4 15. Ne2 b5 16. Rc1 Nb6 17. Nc3 a6 18. Nxe4 dxe4 19. Be2 Ke7 20. 0-0 f5 21. Rc2 Rhc8 22. Rfc1 Ra7 23. Bd1 Rac7 24. h3 a5 25. Be2 Kd6 26. Kh2 b4 27. Kg3 b3 28. Rd2 Na4 29. Bd1 c3 30. bxc3 Nxc3 31. Kh2 Nxd1 32. Rxc7 Rxc7 33. Rxd1 Rc2 34. Kg3 Ra2 35. Rb1 a4 36. f3 Rxa3 37. Rb2 Ra2 38. Rb1 b2 39. Kf4 a3 40. fxe4 fxe4 0-1